| 000 | 00474nam a2200169Ia 4500 | ||
|---|---|---|---|
| 008 | 151213s9999 xx 000 0 und d | ||
| 020 | _a81-2032799-3 | ||
| 100 | _aPhilip Kattler , Kaith Lane Keller | ||
| 245 |
_aMarketing Management _cPhilip Kattler , Kaith Lane Keller |
||
| 250 | _a12th | ||
| 260 |
_aNew Delhi _bPrentic Hall _c2006 |
||
| 300 | _a5014 p. | ||
| 650 | _aMarketing | ||
| 650 | _aMarketing | ||
| 700 | _aPhilip Kattler , Kaith Lane Keller | ||
| 999 |
_c3114 _d3114 |
||